| 000 | 00645nam a22001817a 4500 | ||
|---|---|---|---|
| 005 | 20251108173320.0 | ||
| 008 | 250721s2007 xx 000 0 ara d | ||
| 082 | 1 | 4 | _a371/عبو |
| 100 | 1 | _aعبوي، زيد منير | |
| 245 | 1 | 0 | _aالمعلم المدرسي الناجح :( الإدارة المدرسية بين النظرية و التطبيق) / |
| 264 | 1 |
_aعمان : _bمكتية المجتمع العربي للنشر و التوزيع، _c2007. |
|
| 300 | _a185 ص | ||
| 650 | 1 | 7 | _aالإدارة المدرسية |
| 650 | 1 | 7 | _aالمدرسون |
| 650 | 1 | 7 | _aأساليب التدريس |
| 942 |
_2ddc _cBK |
||
| 999 |
_c101067 _d101067 |
||